BSOP header

人一生要讀的古典詩詞大全集 Ren yi sheng yao du de gu dian shi ci da quan ji = A collection on ancient Chinese classical poems a person must read {ch} / (Record no. 19065)

MARC details
000 -LEADER
fixed length control field 00640nam a22001457a 4500
005 - DATE AND TIME OF LATEST TRANSACTION
control field 20140520105621.0
008 - FIXED-LENGTH DATA ELEMENTS--GENERAL INFORMATION
fixed length control field 121205b xxu||||| |||| 00| 0 chi d
020 ## - INTERNATIONAL STANDARD BOOK NUMBER
International Standard Book Number 9787511304476
110 ## - MAIN ENTRY--CORPORATE NAME
Corporate name or jurisdiction name as entry element Ren yi sheng yao du de gu dian shi ci da quan ji
245 ## - TITLE STATEMENT
Title 人一生要讀的古典詩詞大全集 Ren yi sheng yao du de gu dian shi ci da quan ji = A collection on ancient Chinese classical poems a person must read {ch} /
Statement of responsibility, etc Ren yi sheng yao du de gu dian shi ci da quan ji
260 ## - PUBLICATION, DISTRIBUTION, ETC. (IMPRINT)
Place of publication, distribution, etc 中國 China :
Name of publisher, distributor, etc 中國華僑出版社,
Date of publication, distribution, etc 2010.
300 ## - PHYSICAL DESCRIPTION
Extent 2,18, 554 p. ;
Dimensions 29 cm.
650 ## - SUBJECT ADDED ENTRY--TOPICAL TERM
Topical term or geographic name as entry element Chinese poetry
General subdivision Collections {ch}.
942 ## - ADDED ENTRY ELEMENTS (KOHA)
Source of classification or shelving scheme Library of Congress Classification
Item type Books
Holdings
Withdrawn status Lost status Source of classification or shelving scheme Damaged status Not for loan Home library Current library Shelving location Date acquired Accession number Total Checkouts Full call number Barcode Date last seen Price effective from Koha item type
    Library of Congress Classification     BSOP Library BSOP Library Special Collections Chinese 12/10/2012 C-11314   PL2517 R29 2010 00042320 02/23/2013 02/23/2013 Books
BSOP

Biblical Seminary of the Philippines
  All rights Reserved
  © 2024

CONTACT INFORMATION

Biblical Seminary of the Philippines,
  77-B Karuhatan Road, Valenzuela City,
  PHILIPPINES 1441
  Phone: +632 8292-6795 / 8292-6798
  Fax : +632 8292-6675
  Email: library@bsop.edu.ph